Statistics for Highest Cricket Test Partnerships

Click here to take the quiz!

General Stats

  • This quiz has been taken 71 times
  • The average score is 9 of 20

Answer Stats

Answer% Correct
3rd624SL v SA2005-06Kumar Sangakkara
86%
1stGraeme Smith
84%
3rdMahela Jayawardene
84%
10thJames Anderson
69%
2nd576SL v Ind1997-98Sanath Jayasuriya
67%
5thDon Bradman
66%
10th198Eng v Ind2014Joe Root
66%
6th399Eng v SA2015-16Ben Stokes
61%
8thStuart Broad
61%
6thJonny Bairstow
59%
8th332Eng v Pak2010Jonathan Trott
52%
4th449Aus v WI2015-16Adam Voges
42%
1st415SA v Bang2007-08Neil McKenzie
34%
4thShaun Marsh
31%
9th195SA v Pak1997-98Mark Boucher
20%
2ndRoshan Mahanama
19%
9thPat Symcox
16%
5th405Aus v Eng1946-47Sid Barnes
6%
7th347WI v Aus1954-55Denis Atkinson
3%
7thClairmonte Depeiaza
2%

Score Distribution

Percentile by Number Answered

Percent of People with Each Score

Your Score History

You have not taken this quiz